| 000 | 00510nam a2200181 a 4500 | ||
|---|---|---|---|
| 001 | 8345 | ||
| 003 | CO-ViMGA | ||
| 008 | 141112s2004 ck r 000 u spa d | ||
| 040 |
_aCO-ViMGA _bspa _cCO-ViMGA |
||
| 082 | 0 | 4 | _a860.4 P371h |
| 100 | 1 |
_aRojas, Fernando de _98229 |
|
| 245 | 1 | 0 |
_aAnálisis literario de : _bLa Celestina |
| 260 |
_aBogotá, _cVoluntad, _c1991 |
||
| 300 | _a64.p. | ||
| 650 | 1 | 4 |
_aLA CELESTINA - ANALISIS LITERARIO _98230 |
| 650 | 1 | 4 |
_aROJAS, FERNANDO DE - BIOGRAFIA _98231 |
| 942 |
_2ddc _cBK |
||
| 999 |
_c20125 _d20125 |
||